000 00321nam a22001217a 4500
008 180512b xxu||||| |||| 00| 0 eng d
041 _aeng
080 _a043.3
100 _a0
101 _aSHKI-MA
245 _aAvancimi ne Pune dhe Funksion te Index-ave ndere Versione te MS SQL Serverit
_cSverku, A
942 _2udc
_cBK
999 _c45711
_d45711